Statistics for Project Sekai Song Quiz

Click here to take the quiz!

General Stats

  • This quiz has been taken 444 times
  • The average score is 50 of 148

Answer Stats

HintAnswer% Correct
Leo/needneedLe
67%
MORE MORE JUMP!If
63%
Leo/need「1」
62%
Leo/needStella
62%
MORE MORE JUMP!More! Jump! More!
61%
Vivid BAD SQUADReady Steady
59%
25-ji, NIghtcord de.IDSMILE
58%
25-ji, Nightcord de.Jackpot Sad Girl
58%
25-ji, Nightcord de.Bug
57%
Leo/need CoverRoki
56%
Akito, EnaSalamander
56%
Vivid BAD SQUADCinema
55%
Wonderlands x ShowtimeTondemo-Wonderz
55%
Wonderlands x Showtimepotato ni Natte iku
54%
Vivid BAD SQUADBeat Eater
53%
Vivid BAD SQUADRAD DOGS
53%
MORE MORE JUMP!Idol Shin'etai
52%
Leo/needPeaky Peaky
51%
Wonderlands x ShowtimeShowtime Ruler
51%
Vivid BAD SQUAD CoverIfuudoudou
50%
25-ji, NIghtcord de.Kuyamu to Kaite Mirai
50%
25-ji, Nightcord de.Lower
50%
Wonderlands x ShowtimeGlory Steady Go!
48%
KanadeIdentity
48%
Kohane, MinoriWah Wah World
48%
25-ji, Nightcord de. CoverCharles
47%
Wonderlands x Showtime CoverKING
47%
25-ji, Nightcord de. CoverBitter Choco Decoration
46%
Ichika, Tsukasa, KanadeSekai
46%
Wonderlands x ShowtimeSekai wa Mada Hajimatte sura Inai
46%
Vivid BAD SQUADForward
44%
Leo/needFrom Tokyo
44%
Leo/need CoverTeo
44%
25-ji, Nightcord de. CoverVenom
44%
Wonderlands x Showtime88☆彡
43%
Vivid BAD SQUADFlyer!
43%
Vivid BAD SQUAD CoverFragile
43%
Leo/needSTAGE OF SEKAI
43%
25-ji, Nightcord de. CoverHello/How Are You
42%
Vivid BAD SQUADAwake Now
41%
Wonderlands x Showtime CoverDance Robot Dance
41%
Leo/need CoverHibana -Reloaded-
41%
25-ji, NIghtcord de.Kagirinaku Haiiro e
41%
Wonderlands x ShowtimeOnce Upon A Dream
41%
MORE MORE JUMP! CoverRomeo and Cinderella
41%
Wonderlands x Showtime CoverSweet Magic
41%
Vivid BAD SQUAD CoverTraffic Jam
41%
MORE MORE JUMP!Color of Drops
40%
Tsukasa, SakiCosmospice
40%
MORE MORE JUMP!Ice Drop
40%
Vivid BAD SQUAD CoverJust Be Friends
40%
25-ji, Nightcord de.Keitai Renwa
40%
Vivid BAD SQUAD CoverOdo
40%
Vivid BAD SQUAD Coverdrop pop candy
39%
Vivid BAD SQUAD CoverECHO
39%
Leo/need CoverGhost Rule
39%
Wonderlands x Showtime CoverMiracle Paint
39%
Vivid BAD SQUADMirai
39%
Wonderlands x ShowtimeNijiiro Stories
39%
25-ji, Nightcord de.Nomad
39%
Vivid BAD SQUAD CoverBRING IT ON
38%
Leo/need CoverDramaturgy
38%
Wonderlands x Showtime CoverFixer
38%
25-ji, Nightcord de. CoverUsseewa
38%
Vivid BAD SQUAD CoverDoctor=Funk Beat
37%
Wonderlands x Showtime CoverTelecaster B-Boy
37%
Vivid BAD SQUAD CoverAlter Ego
36%
MORE MORE JUMP! CoverHappy Synthesizer
36%
Wonderlands x Showtime CoverPositive☆Dance Time
36%
Leo/needTeratera
36%
25-ji, Nightcord de.Tricologe
36%
Vivid BAD SQUAD CoverChildren Record
35%
25-ji, Nightcord de. CoverCutlery
34%
MORE MORE JUMP! CoverNear
34%
25-ji, Nightcord de. CoverVillain
34%
25-ji, Nightcord de. CoverAishite Aishite Aishite
33%
Wonderlands x Showtime CoverBuriki no Dance
33%
Wonderlands x ShowtimeNiccori^^Chousa-tai no Theme
33%
Leo/need CoverIkanaide
32%
MORE MORE JUMP! CoverLove Trial
32%
MORE MORE JUMP! CoverShoujorei
32%
MORE MORE JUMP! CoverViva Happy
32%
25-ji, Nightcord de.Kanade Tomosu Sora
31%
Leo/need CoverLost One's Weeping
31%
MORE MORE JUMP! CoverVampire
31%
Leo/need Coverfrom Y to Y
30%
25-ji, Nightcord de. CoverJishou Mushoku
30%
25-ji, Nightcord de.Saisei
30%
MORE MORE JUMP!Worldwide Wander
30%
Wonderlands x Showtime CoverAs You Like It
29%
Vivid BAD SQUAD CoverAun no Beats
29%
Ichika, Tsukasa, Kanade, Minori, KohaneGunjou Sanka
29%
Vivid BAD SQUADMachi
29%
MORE MORE JUMP! CoverMarshmary
29%
MORE MORE JUMP! CoverMelty Land Nightmare
29%
MORE MORE JUMP!Tenshi no Clover
29%
MORE MORE JUMP!Ai no Material
28%
25-ji, Nightcord de. CoverBocca della Verità
28%
Leo/need CoverKagerou Daze
28%
Wonderlands x Showtime CoverLaw-Evading Rock
28%
Leo/needMade-to-Order
28%
Leo/need CoverTime Machine
28%
MORE MORE JUMP! CoverDreamin Chuchu
27%
MORE MORE JUMP! CoverHappy Halloween
27%
MORE MORE JUMP!Metamo Re:born
27%
Wonderlands x Showtime CoverChururira Chururira Daddadda!
26%
MORE MORE JUMP! CoverDarling Dance
26%
MORE MORE JUMP! CoverNostalogic
26%
Leo/need Coverray
26%
MORE MORE JUMP! CoverMilk Crown on Sonechka
25%
Vivid BAD SQUAD CoverYobanashi Deceive
25%
Wonderlands x Showtime CoverAlien Alien
24%
Leo/need CoverAoku Kakero!
24%
Vivid BAD SQUADGekkou
24%
Leo/need CoverHello,world!
24%
MORE MORE JUMP! CoverPatchwork Staccato
24%
Wonderlands x Showtime CoverKami no Manimani
23%
Leo/need CoverRoku-chou Nen to Ichiya Monogatari
23%
25-ji, Nightcord de. CoverYoru ni Kakeru
23%
Leo/needHare wo Matsu
22%
Leo/needRyuusei no Pulse
22%
Wonderlands x Showtime CoverYour Adventure Log Has Vanished!
22%
25-ji, Nightcord de. CoverOtome Kaibou
21%
Wonderlands x Showtime Cover1 2 Fanclub
20%
Wonderlands x Showtime CoverGoodbye Sengen
20%
MORE MORE JUMP! CoverKarakuri Pierrot
20%
25-ji, Nightcord de. CoverTotemo Itai Itagaritai
19%
Wonderlands x Showtime CoverNonsense Bungaku
18%
Vivid BAD SQUAD CoverAme to Petra
16%
Vivid BAD SQUAD CoverGarando
16%
NeneRobo, Mikudayo, Virtual SingersTokugawa Cup Noodle Kinshirei
16%
Wonderlands x ShowtimeHoshizora no Melody
15%
Vivid BAD SQUAD CoverYuurei Tokyo
15%
Shiho, ShizukuAoiro Enogu
14%
Leo/need CoverBokura Mada Underground
14%
Vivid BAD SQUAD CoverAkuma no Odorikata
11%
MORE MORE JUMP! CoverKokoroyohou
11%
25-ji, Nightcord de. CoverMousou Kanshou Daishou Renmei
11%
Leo/need CoverAsu no Yozora Shoukaihan
10%
Wonderlands x Showtime CoverRemote Controller
9%
Leo/need CoverShinpakusuu♯0822
9%
MORE MORE JUMP! CoverChikyuu Saigo no Kokuhaku o
7%
Vivid BAD SQUAD CoverPaⅢ.SENSATION
7%
Leo/need CoverAsagao no Chiru Koro ni
6%
25-ji, Nightcord de. CoverMairieux
6%
25-ji, Nightcord de. CoverHiorinbo Envy
2%
Leo/need CoverTale of a Deep-Sea Lily
2%
25-ji, Nightcord de. CoverInochi ni Kirawete iru.
1%

Score Distribution

Percentile by Number Answered

Percent of People with Each Score

Your Score History

You have not taken this quiz